Marine aquiculture

Gardado en:
Detalles Bibliográficos
Autor Principal: McNeil, William J (Author)
Formato: Libro
Idioma:inglés
Publicado: Corvallis Oregon State University Press 1970
Subjects:
Tags: Engadir etiqueta
Sen Etiquetas, Sexa o primeiro en etiquetar este rexistro!

MARC

LEADER 00000nam a2200000 a 4500
001 UCV5195
003 CL-VaPUC
005 20220907174046.0
008 920828e19700000us 1 eng d
082 0 4 |a 639.8  |b MCN  |2 21 
100 1 |a McNeil, William J  |e author  |9 616528 
245 1 0 |a Marine aquiculture 
260 |a Corvallis  |b Oregon State University Press  |c 1970 
300 |a 172 p 
583 |a last modification  |c 20120718 12:06:11  |k Rodrigo Vera 
650 0 0 |a Acuicultura marina  |9 261222 
942 |c BK 
945 |d 19920828 00:00:00 
546 |a En Inglés 
518 |p Conference on Marine Aquiculture, Newport, United States, 1968 
999 |c 381982  |d 381980 
952 |0 0  |1 0  |2 ddc  |4 0  |6 639_800000000000000_MCN_1970  |7 0  |8 CCM  |9 503392  |a BIBCUR  |b BIBCUR  |d 2020-01-23  |i 2592231  |o 639.8 MCN 1970  |p 2592231  |r 2025-04-22  |w 2020-01-23  |y BK  |k CIM 
952 |0 0  |1 0  |2 ddc  |4 0  |6 639_800000000000000_MCN_1970  |7 0  |8 CCM  |9 503393  |a BIBCUR  |b BIBCUR  |d 2020-01-23  |i 259224K  |o 639.8 MCN 1970  |p 259224K  |r 2025-04-22  |w 2020-01-23  |y BK  |k CIM